تاريخ الخليج العربي في العصر الوسطى الإسلامية 622- 1500 / (Record no. 60716)

MARC details
000 -LEADER
fixed length control field 00517nam a22001697a 4500
005 - DATE AND TIME OF LATEST TRANSACTION
control field 20251108171247.0
008 - FIXED-LENGTH DATA ELEMENTS--GENERAL INFORMATION
fixed length control field 250721s1985 xx 000 0 ara d
082 14 - DEWEY DECIMAL CLASSIFICATION NUMBER
Classification number 956.6/فار
100 1# - MAIN ENTRY--PERSONAL NAME
Personal name عمر، فاروق
245 10 - TITLE STATEMENT
Title تاريخ الخليج العربي في العصر الوسطى الإسلامية 622- 1500 /
264 1# - PRODUCTION, PUBLICATION, DISTRIBUTION, MANUFACTURE, AND COPYRIGHT NOTICE
Place of production, publication, distribution, manufacture بغداد :
Name of producer, publisher, distributor, manufacturer دار واسط،
Date of production, publication, distribution, manufacture, or copyright notice 1985.
300 ## - PHYSICAL DESCRIPTION
Extent 244ص
650 17 - SUBJECT ADDED ENTRY--TOPICAL TERM
Topical term or geographic name as entry element الجزيرة العربية
650 17 - SUBJECT ADDED ENTRY--TOPICAL TERM
Topical term or geographic name as entry element التاريخ
942 ## - ADDED ENTRY ELEMENTS (KOHA)
Source of classification or shelving scheme Dewey Decimal Classification
Koha item type Books
Holdings
حالة السحب حالة الفقدان مصدر التصنيف حالة التلف غير قابل للإعارة المكتبة الرئيسية المكتبة الحالية موقع الرف تاريخ التزويد الرقم المتسلسل Total Checkouts رقم الإستدعاء الباركود تاريخ آخر ظهور تاريخ الفاتورة نوع المادة (كوها)
    Dewey Decimal Classification     مكتبة النصر العامة مكتبة النصر العامة الإعارة 15/03/2015 [ 3631 ]   956.6/فار PLD00377639 28/07/2025 15/03/2015 Books
Implemented & Customized by: BBB with SCIT (Smart Chains for Information Technology)

Powered by Koha